000 00955nas a2200313 4500
001 BR0503919
003 BR-BrBNA
005 20231205105624.0
007 ta
008 230509b bl.|||p| |||| 00| 00por d
040 _aBR-BrBNA
_bpor
_cBiblioteca Nacional de Agricultura
041 _a(Pt)
072 _aF03
100 1 _aAlbuquerque, M.C. de F. e
100 1 _aCaneppele, C.
100 1 _aVargas, L.H.
100 1 _aMachado, R. S. de S.
245 1 _aTemperatura e substrato na germinação de sementes de milheto (Pennisetum thyphoides (Burm.f)Stapf et C. E. Hubb)
650 _aMILHETO
650 _aSEMENTE
650 _aGERMINAÇÃO
650 _aQUALIDADE
650 _aTESTE DE VIGOR
650 _aTEMPERATURA
650 _aFISIOLOGIA VEGETAL
773 0 _tRevista de Agricultura Tropical (Brazil)
_xISSN 1415-7497
_g(2000), v. 4(1) p. 105-111
_wBR0503919
909 _a202311
_bLúcia
_c55
_dLúcia Elande
942 _2AGRIS
_n0
_cANA
999 _c183825
_d183825